Sports Quiz

Random Sports or NFL Quiz

Quarterbacks on Bad Football Teams Quiz Stats

 Plays Quiz not verified by Sporcle

Score 0/24 Timer 05:00
0 Plays Today
Team and Year Starting QB % Correct
2009 St. Louis Rams (1-15)Marc Bulger
81.4%
1998 Indianapolis Colts (3-13)Peyton Manning
81%
1980 New Orleans Saints (1-15)Archie Manning
80.5%
2005 Houston Texans (2-14)David Carr
74%
2002 Cincinnatti Bengals (2-14)Jon Kitna
68.4%
2005 New Orleans Saints (2-14)Aaron Brooks
68%
1989 Dallas Cowboys (1-15)Troy Aikman
66.7%
1999 Cleveland Browns (2-14)Tim Couch
58.4%
2001 Carolina Panthers (1-15)Chris Weinke
49.4%
2008 Kansas City Chiefs (2-14)Tyler Thigpen
48.9%
1991 Indianapolis Colts (1-15)Jeff George
46.8%
2000 San Diego Chargers (1-15)Ryan Leaf
41.6%
Team and Year Starting QB % Correct
2008 Detroit Lions (0-16)Dan Orlovsky
41.1%
2007 Miami Dolphins (1-15)Cleo Lemon
37.7%
2006 Oakland Raiders (2-14)Andrew Walter
27.7%
1976 Tampa Bay Buccaners (0-14)Steve Spurrier
25.5%
2004 San Francisco 49ers (2-14)Tim Rattay
25.1%
1994 Washington Redskins (3-13)Heath Shuler
22.5%
1986 Tampa Bay Buccaneers (2-14)Steve Young
20.8%
1998 Cincinnatti Bengals (3-13)Neil O'Donnell
19.5%
1996 New Orleans Saints (3-13)Jim Everett
14.3%
1994 Houston Oilers (2-14)Billy Joe Tolliver
9.5%
1990 New England Patriots (1-15)Marc Wilson
8.7%
1996 New York Jets (1-15)Frank Reich
6.1%

You're not logged in!

Compare scores with friends on all Sporcle quizzes.
OR
Log In

Show Comments

Extras

Top Quizzes Today


Score Distribution

Your Account Isn't Verified!

In order to create a playlist on Sporcle, you need to verify the email address you used during registration. Go to your Sporcle Settings to finish the process.

Report this User

Report this user for behavior that violates our Community Guidelines.

Details: